Statistics for Fifa World Cup Cities on the World Map

Click here to take the quiz!

General Stats

  • This quiz has been taken 830 times
  • The average score is 73 of 151

Answers on the Map

Answers color-coded by a green-red scale on the quiz's map according to % correct below.
 

Answer Stats

YEARCITY% Correct
1966London
93%
1994East Rutherford
92%
1970 - 1986Mexico City
91%
1986Nezahualcoyotl
91%
1982Madrid
90%
1938 - 1998Paris
90%
1994Pasadena
90%
1950 - 2014Rio de Janeiro
90%
1998Saint-Denis
90%
1982Barcelona
89%
1974 - 2006Berlin
88%
1934 - 1990Rome
88%
1966Manchester
86%
1978Buenos Aires
85%
1950 - 2014São Paulo
85%
2002Seoul
85%
1994Chicago
84%
2010Johannesburg
84%
1994Stanford
84%
2010Cape Town
83%
1966Liverpool
83%
1934 - 1990Milan
83%
1974 - 2006Munich
83%
1962Santiago
83%
1958Stockholm
82%
1994Foxborough
81%
1934 - 1990Naples
81%
1994Washington
80%
2014Brasília
79%
1994Dallas
79%
1938 - 1998Marseille
79%
1982Seville
79%
1982Valencia
78%
1938 - 1998Lyon
77%
1974 - 2006Hamburg
75%
1930Montevideo
74%
1994Orlando
74%
1934 - 1990Turin
74%
1966Birmingham
73%
1994Pontiac
72%
2010Pretoria
72%
1982Bilbao
71%
1970 - 1986Guadalajara
71%
2006Cologne
70%
1990Palermo
69%
1954Bern
68%
1974 - 2006Frankfurt
68%
1958Malmö
67%
1954Zurich
66%
1938 - 1998Bordeaux
65%
2014Manaus
65%
1950 - 2014Belo Horizonte
64%
2002Ibaraki
64%
2002Osaka
64%
1974 - 2006Dortmund
63%
2010Durban
62%
1938Lille
61%
1950 - 2014Recife
60%
1974 - 2006Stuttgart
60%
1934 - 1990Florence
59%
1986Monterrey
58%
1986San Nicolás de los Garza
58%
2002Sapporo
58%
1934 - 1990Genoa
57%
1982Málaga
57%
2002Busan
56%
1954Geneva
56%
1974Düsseldorf
55%
2010Bloemfontein
54%
1938 - 1998Toulouse
54%
1990Cagliari
53%
1978Córdoba
53%
2006Leipzig
53%
1998Nantes
53%
1990Bari
52%
1950 - 2014Porto Alegre
51%
1966Sheffield
51%
2002Yokohama
51%
2010Port Elizabeth
50%
2014Fortaleza
48%
2014Salvador
48%
1938Strasbourg
47%
1954Basel
46%
1934 - 1990Bologna
46%
1982Zaragoza
46%
1958Gothenburg
45%
2006Nuremberg
44%
1978Rosario
43%
1950 - 2014Curitiba
41%
1982A Coruña
40%
1970 - 1986Puebla
40%
1974 - 2006Hannover
39%
1982Vigo
39%
1934Trieste
38%
1990Verona
38%
1998Montpellier
37%
1970 - 1986León
35%
1962Viña del Mar
35%
1982Alicante
34%
1966Sunderland
34%
1974 - 2006Gelsenkirchen
33%
2002Incheon
33%
2002Kobe
33%
1954Lausanne
33%
2002Daegu
32%
1938Le Havre
30%
1982Gijón
29%
1982Valladolid
28%
2014Natal
27%
1938Reims
25%
1998Saint-Étienne
25%
1990Udine
25%
1978Mendoza
23%
1998Lens
21%
1966Middlesbrough
20%
2002Rifu
20%
2002Jeju
19%
2014Cuiaba
18%
1982Oviedo
18%
1970 - 1986Toluca
18%
2006Kaiserslautern
17%
1982Elche
16%
1954Lugano
15%
1978Mar del Plata
14%
2002Gwangju
13%
1958Helsingborg
12%
2002Saitama
12%
2002Ulsan
12%
1958Norrköping
11%
1986Querétaro
11%
1962Arica
10%
2002Niigata
10%
1958Örebro
10%
2002Daejeon
9%
2010Polokwane
9%
2010Nelspruit
8%
2010Rustenburg
8%
1958Västerås
8%
2002Shizuoka
7%
1938Antibes
6%
2002Ōita
6%
1958Halmstad
5%
1962Rancagua
5%
2002Suwon
5%
1958Borås
4%
1958Eskilstuna
4%
1986Irapuato
4%
2002Jeonju
3%
1958Sandviken
3%
1958Uddevalla
3%
1986Zapopan
3%

Score Distribution

Percentile by Number Answered

Percent of People with Each Score

Your Score History

You have not taken this quiz